000 00895nam a2200277 a 4500
001 25631
003 CO-ViMGA
008 141112s2004 ck r 000 u spa d
020 _a9789588611877
040 _aCO-ViMGA
_bspa
_cCO-ViMGA
041 _aSPA
090 _aC LAM1
100 1 _aLamb, Charles, 1775 - 1834
_939325
245 1 0 _aCuentos de Shakespeare /
_cCharles y Mary Lamb ; traducción Adan Kovacsics
250 _a1a ed., 1a reimpr.
260 _aBogotá :
_bDebolsillo,
_c2013
300 _a319 p.
500 _aTítulo original : Tales from Shakespeare. Incluye índice.
650 1 4 _aADAPTACIONES LITERARIAS
_939326
650 1 4 _aAUTORES INGLESES
_939327
650 1 4 _aCUENTOS CLASICOS - ADAPTACIONES
_939328
650 1 4 _aLITERATURA INGLESA - SIGLO XIX
_939329
700 1 _aKovacsics, Adan
_939330
700 1 _aLamb, Mary Ann, 1764 - 1847
_939331
942 _2ddc
_cBK
999 _c5204
_d5204